000 00378nam a22001097a 4500
082 _a001
100 _aप्रसाद . एम
_982636
245 _aRRB ONE SHOT स्टैटिक GK TCS पैटर्न
260 _aप्रयागराज
_bग्रीन वर्ल्ड PUB.
_c2025
650 _aसामान्य ज्ञान
942 _cC. BOOKS
999 _c67333
_d67333